Quizzes
Events
Quiz Creation
Community
Videos
Private Events
Remove Ads
Sign In
Join for FREE
Feedback
Dark Mode
Quiz Categories
Sports
Geography
Music
Movies
Television
Just For Fun
Miscellaneous
History
Literature
Language
Science
Gaming
Entertainment
Religion
Holiday
For Kids
Quiz Lab
Recent
Popular Today
Quiz Kudos Today
Editor Picks
Curator Picks
Quizzes by...
Day
Popularity
Type
Ratings
Length
Year
Community
Subscriptions
Recent Discussions
Orange Saloon
Badges
Playlists
Quests
Create
Leaderboards
Showdown
Live 5
Trivia Bingo
Activity
Puzzle Library
Sporcle Events
Private Events
Virtual Trivia
Globe League
Become a Host
Pub Owners
SporcleCon
Opinionation
Our Games
Videos
Blog
Mobile Apps
Partnerships
Remove Ads and Go Orange
Feedback
Sports
Athletes
MLB
NBA
NHL
NFL
Soccer
Sports Teams
WWE
NCAA
Football
Premier League
Basketball
Baseball
Hockey
Golf
Tennis
Cricket
Rugby
Auto Racing
Olympics
World Cup
Sports
Athletes
MLB
NBA
NHL
NFL
Soccer
Sports Teams
WWE
NCAA
Football
Premier League
Basketball
Baseball
Hockey
Golf
Tennis
Cricket
Rugby
Auto Racing
Olympics
World Cup
Random Quiz
Search Sporcle
×
Quiz Lab
Quiz Lab
Sports
Football
Type in answers that appear in a list
Type in answers that appear in a list
Classic
Best Score? Go Orange.
Giants All-Time Leaders Stats
Can you name the Giants All-Time Yardage Leaders?
By
cjmulrain
8m
30 Questions
253 Plays
253 Plays
253 Plays
Comments
Comments
Give Quiz Kudos
Give Quiz Kudos
-
- Ratings
hide this ad
More Info
Replay
Link that replays current quiz
Next Quiz
Link to next quiz in quiz playlist
You Got
0%
They Got
Avg Score
41%
Avg Friend Score
Upgrade to see
Score Distribution
Jump to the score distribution portion of the page
Score
0/30
Timer
08:00
0
Plays Today
Position
Player
% Correct
Rushing
Tiki Barber
98%
Receiving
Tiki Barber
98%
Passing
Phil Simms
97.2%
Passing
Eli Manning
96%
Receiving
Amani Toomer
90.5%
Rushing
Brandon Jacobs
74.3%
Passing
Kerry Collins
72.7%
Passing
Y.A. Tittle
71.5%
Rushing
Rodney Hampton
58.5%
Rushing
Joe Morris
51.8%
Passing
Fran Tarkenton
51.4%
Rushing
Frank Gifford
49.8%
Receiving
Frank Gifford
49.8%
Passing
Dave Brown
44.3%
Receiving
Ike Hilliard
41.5%
Position
Player
% Correct
Receiving
Homer Jones
36.4%
Rushing
Ron Johnson
29.2%
Passing
Charlie Conerly
23.7%
Receiving
Joe Morrison
14.2%
Receiving
Kyle Rote
13%
Passing
Norm Snead
11.5%
Passing
Scott Brunner
9.9%
Passing
Craig Morton
9.5%
Rushing
Alex Webster
9.5%
Receiving
Chris Calloway
8.7%
Receiving
Bob Tucker
7.9%
Receiving
Del Shofner
6.7%
Rushing
Doug Kotar
5.9%
Rushing
Tuffy Leemans
5.1%
Rushing
Eddie Price
2.8%
Quiz Playlist
Details
Report
Send in Message
Add To Playlist
More Info:
Hints are total career yardage. Last names are accepted.
Classic:
Type in answers that appear in a list
Quiz Source
Last Updated: Feb 16, 2017
Quiz Scoreboard
CHALLENGE
Sign Up to Join the Scoreboard
Show All
Scores
Hide
Comments
May contain spoilers
Recently Published
An Introduction to Baseball
by treessimontrees
Sports
5m
Movies - When Are They Set?
by FPL_Elf
Movies
5m
Popular People in 1961
by mucciniale
History
6m
More to Explore
Quiz From the Vault
Featured Blog Post
Where Did the Easter Bunny Come From?
hide this ad
You Might Also Like...
Tags
Football Quiz
Giant
Player
Yard
Today's Top Quizzes in Sports
Browse Sports
hide this ad
Today's Top Quizzes in Football
Browse Football
Top Contributed Quizzes in Sports
1
Les meilleurs buteurs des matchs entre le PSG et l’OM
2
2022 World Cup Stars
3
FIFA Club World Cup Champions
4
Les entraîneurs de l'OM et du PSG au 21e siècle
5
Name the Premier League winners with different clubs
6
La finale Lions - Afrique du Sud 2021
7
England Test cricketers to play under Nasser Hussain
8
5-to-1: UK Sports Teams
9
Les joueurs passés par le LOSC et le RC Lens
10
Criteria MLB: Left Handed Sluggers
Explore More
Trending Topics
Crossword
Marvel
NBA
Disney
Anime
Kpop
Harry Potter
Pokémon
Soccer
Song
The Office
Country
Puzzle
WWE
NFL
hide this ad
More By:
cjmulrain
Quiz
Plays
Rating
Category
Featured
Created
MLB WAR Leaders by Decade
7,394
4.37
Sports
Jun 17, 2010
Mets World Series Game 1 Lineups
764
4.50
Sports
May 26, 2010
All-Decade Teams by WAR
614
4.83
Sports
Jul 22, 2010
Giants Super Bowl Starting Offense's
484
5.00
Sports
May 21, 2010
Giants Super Bowl Starting Defense's
434
5.00
Sports
May 26, 2010
Go to Creator's Profile
Score Distribution
Quiz Creator Spotlight
cjmulrain
Follow
Send a Message
Quizzes Created
-
Created Quiz Play Count
-
More By This Creator
Popular Quizzes Today
1
Find the Countries of Europe - No Outlines Minefield
2
Find the US States - No Outlines Minefield
3
The Countries of the World
4
Popular People in 1961
5
Find the US States
6
US States
7
1-10 Letter E Words III
8
Risky Map Clicking: Biggest States A-Z
More Sports Quizzes
NBA 2k19 Ratings by Position
Quiz Lab
Trending Quizzes
Risky Map Clicking: Least Populous States A-Z
1-10 Letter F Words
1-10 Letter G Words
One Thing in Common: United Kingdom
Risky Map Clicking: Next State Alphabetically
Recently Updated
Leaping Animals
pecheneg
Reality TV Shows (A-Z)
bhenderson79
Rickey Henderson's Hall of Fame Teammates
pecheneg
Champions League XIs: Arsenal
pecheneg
Quick Pick: Celebrities in WWE's Hall of Fame
aduchscher
A-Z Keypad Blitz II
pecheneg
Multiple Oscar Actors
pecheneg
Mystery Phrase Blitz: Oscar 'Best Actors'
pecheneg
F. Scott Fitzgerald Novels
LTH
Pick 3 Villains
ddd62291
Trending Topics
Marvel
Crossword
Disney
Harry Potter
Kpop
NBA
Anime
Soccer
WWE
Country
NFL
Pokémon
The Office
Puzzle
Song
Your Account Isn't Verified!
In order to create a playlist on Sporcle, you need to verify the email address you used during registration. Go to your
Sporcle Settings
to finish the process.
Report this User
Report this user for behavior that violates our
Community Guidelines
.
Details:
Send Report
Go to the Sporcle.com Mobile Site →
Comments